[Event "Bergen Grand Prix op"]
[Site "Bergen"]
[Date "2021.11.28"]
[Round "4"]
[White "Steigum, Endre S"]
[Black "Engelsen, Teodor Tenfjord"]
[Result "1-0"]
[WhiteElo "1915"]
[BlackElo "1573"]
[PlyCount "97"]
[EventDate "2021.11.26"]
[EventType "swiss"]
[EventRounds "5"]
[EventCountry "NOR"]
[SourceTitle "CBM 205 Extra"]
[Source "ChessBase"]
[SourceDate "2022.01.31"]
[SourceVersion "1"]
[SourceVersionDate "2022.01.31"]
[SourceQuality "1"]

1. e4 c5 2. Nc3 Nc6 3. g3 Nf6 4. Bg2 d6 5. d3 g6 6. Nge2 Bg7 7. 0-0 0-0 8. Kh1 Nd4 9. f4 Nd7 10. Nd5 f5 11. c3 Nc6 12. h3 Nf6 13. Ne3 Kh8 14. Kh2 h5 15. Ng1 Bd7 16. Nf3 Qc7 17. Nh4 Kh7 18. exf5 gxf5 19. Nexf5 Bxf5 20. Nxf5 Rg8 21. Nxg7 Rxg7 22. Be4+ Kh8 23. Qf3 Rag8 24. Rg1 Qd7 25. Qe2 d5 26. Bf3 Qf5 27. Be3 e5 28. Raf1 e4 29. dxe4 Nxe4 30. Bxe4 dxe4 31. Qc4 b6 32. Rd1 Ne7 33. b4 cxb4 34. Bd4 bxc3 35. Qxc3 Nd5 36. Bxg7+ Rxg7 37. Qe5 Qxe5 38. fxe5 Nc3 39. Rd8+ Kh7 40. Re1 b5 41. a3 a5 42. e6 Kg6 43. Rd7 Rg8 44. Rc7 b4 45. axb4 axb4 46. Rb7 Kf6 47. Rxb4 Re8 48. Rc4 Nb5 49. Rcxe4 1-0

[Event "Bergen Grand Prix op"]
[Site "Bergen"]
[Date "2021.11.27"]
[Round "2"]
[White "Steigum, Endre S"]
[Black "Eriksen, Olai Dyrhaug"]
[Result "1/2-1/2"]
[WhiteElo "1915"]
[BlackElo "1786"]
[PlyCount "94"]
[EventDate "2021.11.26"]
[EventType "swiss"]
[EventRounds "5"]
[EventCountry "NOR"]
[SourceTitle "CBM 205 Extra"]
[Source "ChessBase"]
[SourceDate "2022.01.31"]
[SourceVersion "1"]
[SourceVersionDate "2022.01.31"]
[SourceQuality "1"]

1. e4 c6 2. d4 d5 3. Nd2 dxe4 4. Nxe4 Nf6 5. Ng3 h5 6. h4 Bg4 7. Be2 e6 8. Bg5 Be7 9. Nf3 c5 10. c3 Nc6 11. Qb3 Qb6 12. Bxf6 gxf6 13. dxc5 Bxc5 14. Ne4 Be7 15. Qxb6 axb6 16. Nfd2 Ne5 17. Bb5+ Kd8 18. f3 Bf5 19. a4 Rg8 20. Kf2 Kc7 21. Rad1 Rad8 22. b4 Bxe4 23. Nxe4 Rxd1 24. Rxd1 f5 25. Ng5 Bxg5 26. hxg5 Rxg5 27. g3 Rg8 28. Rd4 Rd8 29. Rxd8 Kxd8 30. Ke3 Ke7 31. Be2 Ng6 32. Kd4 f4 33. g4 h4 34. Bf1 Kd6 35. c4 e5+ 36. Ke4 Ne7 37. c5+ bxc5 38. bxc5+ Ke6 39. Bc4+ Kf6 40. Bf1 Nc6 41. Kd5 Ke7 42. a5 Nxa5 43. Kxe5 Nb3 44. Kxf4 f6 45. g5 fxg5+ 46. Kxg5 Nd2 47. Bg2 h3 1/2-1/2